[Event "Stay Safe Play From Home 140"]
[Site "T#645950Emanuel Laske"]
[Date "2020.05.11"]
[Round "7"]
[White "Patzeroglu"]
[Black "Haxhi Baha"]
[Result "0-1"]
[WhiteElo "1858"]
[BlackElo "1953"]
[Annotator "TA"]
[PlyCount "98"]
[EventDate "2020.05.11"]
[EventType "swiss (blitz)"]

{[%evp 9,98,16,50,42,40,40,41,47,89,33,89,35,39,35,113,-75,-76,-73,-69,-65,-60,-77,-27,-25,-36,-68,-55,-51,-25,-198,71,78,125,104,226,228,220,79,188,179,328,322,353,347,390,394,477,464,502,489,462,206,643,607,528,702,764,764,1491,1433,1588,1609,1483,1368,2101,2093,5887,6725,29984,29985,29990,29991,29991,29988,29989,29990,29991,29991,29991,29988,29988,29985,29986,29985,29988,29989,29990,29991,29991,29992,29997]} 1. e4 e5 2. Nf3 Nf6 3. Nc3 d6 4. d4 exd4 5. Qxd4 Bd7 6. Bg5 {C41: Philidor Defence.} Nc6 7. Qd2 Be7 8. O-O-O {White is slightly better.} O-O {[#]} 9. Bc4 $146 (9. e5 $1 $16 {[%mdl 512]} Ne8 (9... Nxe5 10. Nxe5) 10. Bxe7 Qxe7 11. exd6 Qxd6 12. Qg5) ({Predecessor:} 9. e5 Ne8 10. Bxe7 Nxe7 11. Ne4 d5 12. Nc5 b6 13. Nxd7 Qxd7 14. Bd3 h6 15. h3 {1-0 (23) Dusper,H (2232)-Straub,P (2120) Harkany 1999}) 9... a6 (9... h6 $14 10. Bf4 Be6) 10. Kb1 ({Better is} 10. e5 $16 Ne8 11. Bxe7 Qxe7 12. Nd5) 10... b5 $14 11. Bb3 a5 (11... b4 $14 12. Bxf6 Bxf6) 12. Bxf6 $2 (12. e5 $1 $16 {[%cal Re5f6] is forced if you want to stay better.} a4 13. exf6 gxf6 14. Bxa4) 12... Bxf6 $17 13. Nd5 a4 $36 {[%mdl 2048] Black has good play.} 14. Nxf6+ Qxf6 15. Bd5 b4 16. Bxc6 Bxc6 17. Qd4 Qf4 18. Rhe1 Rfe8 {[%cal Rc6e4]} (18... b3 $5) 19. Qc4 $2 (19. e5 $11 {and White is okay.} Qxd4 20. Rxd4) 19... Bd7 $2 (19... Bxe4 $19 20. Nd2 d5) 20. Qxc7 $16 Be6 21. Qxd6 Qxd6 (21... Qf6 $16 {was worth a try.}) 22. Rxd6 $18 b3 23. Rd4 (23. cxb3 $18 axb3 24. a3) 23... bxa2+ (23... bxc2+ $16 24. Kxc2 Bxa2) 24. Ka1 a3 (24... f6 $142 25. e5 Bf7) 25. b3 Rac8 26. c4 Red8 27. Kxa2 Rxd4 28. Nxd4 {[%mdl 4096] Endgame KRB-KRN} h6 29. f4 Rd8 30. f5 (30. Nxe6 $142 fxe6 31. Re2) 30... Rxd4 $2 (30... Bxc4 31. Nf3 (31. bxc4 Rxd4 32. Kb3 a2 $16) 31... Ba6 32. Kxa3 Kf8) 31. fxe6 {[#] Black must now prevent e7.} fxe6 32. Kxa3 {KR-KR} Rd2 33. Kb4 Rxg2 34. Kc5 Rb2 35. b4 Kf7 36. b5 Ke7 37. Kb6 Rb4 38. c5 Kd7 39. c6+ {White mates.} Kc8 40. Ra1 {[%cal Ra1a8]} Kd8 41. Ra7 Rc4 42. Rxg7 e5 43. Rh7 Ke8 44. Rxh6 Ke7 45. Rh5 Ke6 46. Kc7 Rd4 47. b6 Rb4 48. b7 Rb1 49. b8=Q Rc1 {[%mdl 32768] Accuracy: White = 68%, Black = 28%. . Loss on time!?} 0-1

[Event "Stay Safe Play From Home 140"]
[Site "T#645950Emanuel Laske"]
[Date "2020.05.11"]
[Round "7"]
[White "Muralikrishna"]
[Black "MartinKestler"]
[Result "0-1"]
[WhiteElo "1814"]
[BlackElo "1925"]
[Annotator "TA"]
[PlyCount "116"]
[EventDate "2020.05.11"]
[EventType "swiss (blitz)"]

{[%evp 18,116,35,43,27,7,16,16,51,49,49,49,53,49,49,58,41,29,138,7,38,26,29,10,32,45,38,34,54,18,18,16,8,0,0,-53,-61,-51,-45,-161,-125,-125,0,0,0,0,0,0,0,0,0,0,0,0,0,0,12833,0,0,0,12832,0,0,0,0,0,0,0,0,-12843,-12843,-12844,-12844,-12845,-12845,-12846,-12845,-12850,-12850,-12851,-29986,-12851,-27999,-12851,-27999,-12851,-27999,-12851,-27999,-12851,-27998,-27999,-27999,-27999,-27998,-27999,-27998,-27999,-27999,-27999,-27999]} 1. e4 d6 2. d4 Nf6 3. Nc3 g6 4. Nf3 Bg7 5. Be2 O-O 6. O-O Bg4 7. h3 Bxf3 8. Bxf3 c6 9. Be3 Nbd7 10. Qd2 e5 {B08: Pirc Defence: Classical System.} 11. dxe5 {[#]} Nxe5 $146 ({Predecessor:} 11... dxe5 12. Rad1 Re8 13. g4 Nb6 14. g5 Nfd7 15. Bg4 Nf8 16. Qxd8 Raxd8 17. b3 h5 18. gxh6 {½-½ (52) Galinsky,T (2424)-Gritsak,O (2522) Kiev 2000}) 12. Be2 d5 {The position is equal.} 13. exd5 Nxd5 14. Nxd5 Qxd5 15. Qxd5 cxd5 16. Rfd1 Rfd8 17. c3 Rac8 (17... Nc6 $11 {keeps the balance.}) 18. Bd4 ({Better is} 18. Bxa7 $16 Nc4 19. Bxc4 dxc4 20. Bb6) 18... b6 19. Bf1 Nc4 20. b3 Nd6 21. Bxg7 Kxg7 22. Rxd5 Ne4 23. Rxd8 (23. Re5 $5 {[%cal Re5e4]} Nxc3 24. Re7 $14) 23... Rxd8 $14 {[%mdl 4096] Endgame KRB-KRN} 24. c4 Rd2 25. Re1 Nxf2 26. Re2 (26. Re7 $11) 26... Rxe2 $15 27. Bxe2 {KB-KN} Ne4 28. Kf1 (28. Bf3 $1 $15 Nc5 29. b4) 28... Nc3 29. a3 Nxe2 ({Black should play} 29... Ne4 $17 30. Ke1 Kf6) 30. Kxe2 $17 {KP-KP} Kf6 31. Ke3 Ke5 32. g4 f6 33. b4 a6 34. Kd3 h6 35. a4 {White wants to play h4.} Kd6 36. Kd4 {c5+ is the strong threat.} Kc6 $2 {[%mdl 8192] [#]} (36... a5 $11 37. bxa5 bxa5) 37. Ke4 $2 (37. a5 $1 $18 {[%cal Ra5b6] Hoping for axb6.} bxa5 38. bxa5) 37... Kd6 $11 38. Kd4 $2 {[%mdl 8192]} (38. h4 $11 a5 39. bxa5 bxa5 40. h5 gxh5 41. gxh5) 38... Kc6 $18 {[#]} 39. b5+ $2 (39. a5 $1 $18 {[%cal Ra5b6] Threatens to win with axb6.} b5 40. c5) 39... axb5 $11 40. cxb5+ Kd6 41. Kc4 Kc7 42. Kd5 {And now Ke6 would win.} Kd7 43. a5 $2 {[%mdl 8192] White is on the road to losing.} (43. h4 $11) 43... bxa5 $19 44. b6 a4 45. Kc4 Kc6 46. Kb4 f5 47. Kxa4 fxg4 48. hxg4 {KPP-KPP} h5 49. Kb4 h4 50. Kc3 h3 51. Kd3 h2 52. Ke4 h1=Q+ 53. Kf4 Kxb6 54. Kg5 {Black mates.} Qe4 55. Kh6 Kc6 56. g5 Kd6 57. Kg7 Qf5 {( -> ...Ke6)} 58. Kh6 Ke5 {Accuracy: White = 75%, Black = 82%.} 0-1

[Event "Stay Safe Play From Home 140"]
[Site "T#645950Emanuel Laske"]
[Date "2020.05.11"]
[Round "7"]
[White "matanant"]
[Black "Edmatuag"]
[Result "0-1"]
[WhiteElo "1611"]
[BlackElo "1662"]
[Annotator "NA RC"]
[PlyCount "62"]
[EventDate "2020.05.11"]
[EventType "swiss (blitz)"]

1. b3 {[%emt 0:00:01]} c5 {[%emt 0:00:03]} 2. Bb2 {[%emt 0:00:00]} Qb6 {[%emt 0:00:01]} 3. e3 {[%emt 0:00:01]} d5 {[%emt 0:00:01]} 4. f4 {[%emt 0:00:01]} c4 {[%emt 0:00:02]} 5. Nf3 {[%emt 0:00:00]} Bf5 {[%emt 0:00:02]} 6. Be2 {[%emt 0:00:03]} e6 {[%emt 0:00:01]} 7. O-O {[%emt 0:00:01]} h6 {[%emt 0:00:01]} 8. Bd4 {[%emt 0:00:04]} Qc7 {[%emt 0:00:03]} 9. bxc4 {[%emt 0:00:04]} dxc4 {[%emt 0:00:03]} 10. Ne5 {[%emt 0:00:01]} b5 {[%emt 0:00:08]} 11. Bf3 {[%emt 0:00:03]} f6 {[%emt 0:00:06]} 12. Bxa8 {[%emt 0:00:05]} fxe5 {[%emt 0:00:01]} 13. Bxe5 {[%emt 0:00:02]} Bd6 {[%emt 0:00:00]} 14. Bxd6 {[%emt 0:00:08]} Qxd6 {[%emt 0:00:00]} 15. e4 {[%emt 0:00:01]} Bg6 {[%emt 0:00:03]} 16. e5 {[%emt 0:00:01]} Qb6+ {[%emt 0:00:02]} 17. Kh1 {[%emt 0:00:03]} Ne7 {[%emt 0:00:01]} 18. Qf3 {[%emt 0:00:01]} O-O {[%emt 0:00:02]} 19. Be4 {[%emt 0:00:01]} Nf5 {[%emt 0:00:02]} 20. g4 {[%emt 0:00:02]} Nh4 {[%emt 0:00:01]} 21. Qe2 {[%emt 0:00:02]} Bxe4+ {[%emt 0:00:00]} 22. Qxe4 {[%emt 0:00:01]} Nc6 {[%emt 0:00:01]} 23. Nc3 {[%emt 0:00:02]} Qd4 {[%emt 0:00:02]} 24. Qxd4 {[%emt 0:00:02]} Nxd4 {[%emt 0:00:01]} 25. Rac1 {[%emt 0:00:02]} a6 {[%emt 0:00:02]} 26. Ne4 {[%emt 0:00:01]} Ne2 {[%emt 0:00:01]} 27. Nd6 {[%emt 0:00:00]} Nxc1 {[%emt 0:00:02]} 28. Rxc1 {[%emt 0:00:00]} Rxf4 {[%emt 0:00:01]} 29. Nb7 {[%emt 0:00:00]} Rf2 {[%emt 0:00:01]} 30. Nc5 {[%emt 0:00:00]} Nf3 {[%emt 0:00:01]} 31. Nxe6 {[%emt 0:00:01]} Rxh2# {[%emt 0:00:00] (Lag: Av=0.68s, max=1.1s)} 0-1

[Event "Stay Safe Play From Home 140"]
[Site "T#645950Emanuel Laske"]
[Date "2020.05.11"]
[Round "7"]
[White "UHU4"]
[Black "Fischer_11"]
[Result "0-1"]
[WhiteElo "1530"]
[BlackElo "1906"]
[Annotator "TA"]
[PlyCount "46"]
[EventDate "2020.05.11"]
[EventType "swiss (blitz)"]

{[%evp 9,46,-198,-184,-181,-108,-308,-295,-325,-327,-322,-312,-314,-274,-314,-297,-312,-305,-708,-700,-688,-656,-662,-635,-662,-656,-641,-597,-668,-667,-683,-674,-673,-679,-725,-727,-1065,-1124,-1050,-1020]} 1. e4 Nf6 2. e5 Nd5 3. Bc4 Nb6 4. Bxf7+ Kxf7 5. Nf3 d6 6. d4 {B02: Alekhine's Defence: Chase Variation and lines with early Nc3.} Nc6 {[#]} (6... Kg8 $19 {aiming for ...Nc6.} 7. Nc3 Bf5) 7. O-O $146 {This move loses the game for White.} ({Don't blunder} 7. Ng5+ $2 Kg8 $19) (7. e6+ $1 $17 {[%mdl 512] might work better.} Kg8 (7... Bxe6 8. Ng5+) 8. d5) ({Predecessor:} 7. Ng5+ Ke8 8. e6 Bxe6 9. Nxe6 Qb8 10. Nc3 Nd8 11. d5 Qc8 12. Nxf8 Rxf8 13. O-O {1-0 (72) Sossna,G (1602)-Kuever,B (1426) Playchess.com INT 2020}) 7... dxe5 $19 8. Ng5+ {Black has a decisive advantage.} Kg8 9. Qf3 {[%csl Gg5][%cal Rf3f7]} Qe8 10. dxe5 Nxe5 {[%cal Bc6e5,Be5f7,Bf7g5][%mdl 32]} 11. Qb3+ e6 12. Re1 h6 13. Nxe6 $2 {[#]} (13. Rxe5 hxg5 14. Rxg5) 13... Bxe6 {Black is clearly winning.} 14. Qg3 Bd6 15. Bf4 Nf7 16. Nc3 Bxf4 17. Qxf4 Qe7 18. Rac1 Re8 19. Ne4 Nd5 20. Qd2 Ng5 21. Ng3 Qf6 22. Qd1 Nf4 23. Rxe6 Qxe6 {Accuracy: White = 30%, Black = 78%.} 0-1

[Event "Stay Safe Play From Home 140"]
[Site "T#645950Emanuel Laske"]
[Date "2020.05.11"]
[Round "7"]
[White "Pokerpapi"]
[Black "Trotsky"]
[Result "1-0"]
[WhiteElo "1445"]
[BlackElo "1606"]
[Annotator "NA RC"]
[PlyCount "63"]
[EventDate "2020.05.11"]
[EventType "swiss (blitz)"]

1. e4 {[%emt 0:00:04]} c5 {[%emt 0:00:01]} 2. Bc4 {[%emt 0:00:01]} e6 {[%emt 0:00:00]} 3. d3 {[%emt 0:00:01]} d5 {[%emt 0:00:00]} 4. exd5 {[%emt 0:00:03]} exd5 {[%emt 0:00:01]} 5. Bb3 {[%emt 0:00:01]} Be6 {[%emt 0:00:02]} 6. c3 {[%emt 0:00:01]} Nc6 {[%emt 0:00:01]} 7. Ba4 {[%emt 0:00:02]} Qc7 {[%emt 0:00:01]} 8. Nf3 {[%emt 0:00:02]} Bd6 {[%emt 0:00:01]} 9. Be3 {[%emt 0:00:02]} Nf6 {[%emt 0:00:01]} 10. d4 {[%emt 0:00:01]} c4 {[%emt 0:00:01]} 11. Nbd2 {[%emt 0:00:03]} O-O-O {[%emt 0:00:01]} 12. h3 {[%emt 0:00:01]} h5 {[%emt 0:00:01]} 13. Nf1 {[%emt 0:00:01]} Ng4 {[%emt 0:00:06]} 14. Qe2 {[%emt 0:00:02]} Nxf2 {[%emt 0:00:07]} 15. Qxf2 {[%emt 0:00:03]} Rde8 {[%emt 0:00:05]} 16. O-O-O {[%emt 0:00:02]} Qa5 {[%emt 0:00:03]} 17. Qc2 {[%emt 0:00:07]} b5 {[%emt 0:00:03]} 18. b3 {[%emt 0:00:06]} cxb3 {[%emt 0:00:06]} 19. axb3 {[%emt 0:00:01]} Kb8 {[%emt 0:00:01]} 20. b4 {[%emt 0:00:02]} Nxb4 {[%emt 0:00:03]} 21. cxb4 {[%emt 0:00:04]} Rc8 {[%emt 0:00:01]} 22. Qxc8+ {[%emt 0:00:04]} Rxc8+ {[%emt 0:00:01]} 23. Kd2 {[%emt 0:00:00]} Bxb4+ {[%emt 0:00:02]} 24. Ke2 {[%emt 0:00:01]} Qxa4 {[%emt 0:00:01]} 25. Kf2 {[%emt 0:00:01]} Qxd1 {[%emt 0:00:02]} 26. Kg3 {[%emt 0:00:02]} Qc2 {[%emt 0:00:01]} 27. Kh2 {[%emt 0:00:01]} Bd6+ {[%emt 0:00:03]} 28. Ng3 {[%emt 0:00:00]} Bxg3+ {[%emt 0:00:01]} 29. Kxg3 {[%emt 0:00:00]} f6 {[%emt 0:00:01]} 30. Kh2 {[%emt 0:00:00]} g5 {[%emt 0:00:01]} 31. Bf4+ {[%emt 0:00:00]} gxf4 {[%emt 0:00:01]} 32. Ne5 {[%emt 0:00:00] Âðåìÿ (Lag: Av=0.17s, max=0.3s)} 1-0

[Event "Stay Safe Play From Home 140"]
[Site "T#645950Emanuel Laske"]
[Date "2020.05.11"]
[Round "8"]
[White "Onlyforchess"]
[Black "KLIND"]
[Result "1-0"]
[WhiteElo "2561"]
[BlackElo "1973"]
[Annotator "TA"]
[PlyCount "35"]
[EventDate "2020.05.11"]
[EventType "swiss (blitz)"]

{[%evp 9,35,68,68,71,68,9,13,11,16,13,20,20,23,17,18,-2,-7,-9,-8,-111,-31,-167,-120,-122,-125,-137,29996,29997]} 1. e4 d5 2. exd5 Qxd5 3. Nc3 Qd7 4. Nf3 Nc6 5. Bc4 e6 6. d4 {B01: Scandinavian Defence.} Nf6 {[#]} 7. d5 $146 (7. O-O $14) ({Predecessor:} 7. Bg5 Be7 8. O-O h6 9. Bf4 a6 10. Re1 Qd8 11. a3 O-O 12. Qd2 g5 13. Be3 {1-0 (27) Buscher,K (800)-Bottoni,C (1074) IECG email 2003}) 7... exd5 8. Nxd5 {The position is equal.} Nxd5 9. Bxd5 Bd6 10. O-O O-O 11. c4 Ne5 12. Nxe5 Bxe5 13. Re1 $36 {[%mdl 2048] White is more active.} Re8 14. Qh5 {[#]} (14. Be3 $11) 14... g6 (14... Bxh2+ $1 $17 {[%mdl 512]} 15. Kf1 (15. Kxh2 Rxe1) 15... Rxe1+ 16. Kxe1 Bd6) 15. Qh6 {[#]} (15. Qf3 $15) 15... Bxh2+ $1 {[%mdl 512]} 16. Kxh2 Rxe1 17. Bf4 Rxa1 $4 {[%mdl 8192]} (17... Re2 $17 18. Bf3 Re8) 18. Be5 {Accuracy: White = 60%, Black = 50%.} 1-0

[Event "Stay Safe Play From Home 140"]
[Site "T#645950Emanuel Laske"]
[Date "2020.05.11"]
[Round "8"]
[White "Mepe_Nika"]
[Black "Shatarchin7"]
[Result "0-1"]
[WhiteElo "2427"]
[BlackElo "2258"]
[Annotator "TA"]
[PlyCount "82"]
[EventDate "2020.05.11"]
[EventType "swiss (blitz)"]

{[%evp 11,82,0,15,16,21,13,16,3,17,7,-2,-12,0,0,0,0,0,0,22,-31,14,-25,-47,-57,-63,-74,-8,-10,-10,-36,-36,-36,0,-36,8,0,16,0,0,-5,20,10,11,-29,-17,-36,-31,-97,-97,-100,-92,-110,-99,-156,-131,-191,-195,-293,-283,-485,-489,-687,-268,-29980,-29978,-29991,-1031,-29992,-29979,-29997,-29998,-29998,-29999]} 1. d4 Nf6 2. Bf4 d5 3. e3 c5 4. c3 Nc6 5. Nd2 e6 6. Ngf3 cxd4 7. exd4 {D02: 1 d4 d5 2 Nf3 sidelines, including 2...Nf6 3 g3 and 2...Nf6 3 Bf4.} Nh5 8. Be3 Bd6 9. Ne5 {The position is equal.} g6 10. Nd3 O-O {10...Ng7 is the fancy move.} 11. Be2 Ng7 12. O-O Nf5 13. Bf4 {[#]} Bxf4 $146 ({Predecessor:} 13... f6 14. Bf3 Bxf4 15. Nxf4 Qd6 16. g3 Bd7 17. Re1 Rae8 18. Bg2 Re7 19. Nd3 Be8 {½-½ (46) Tristan,L (2456)-Villanueva,M (2481) Villa Martelli 2018}) 14. Nxf4 f6 15. Nd3 (15. Nf3 $11) 15... Qd6 16. Bg4 e5 17. Bxf5 Bxf5 18. Nb3 Bxd3 (18... a5 $17) 19. Qxd3 $11 e4 20. Qg3 (20. Qb5 {keeps more tension.} b6 21. f3 f5 22. a4 Rab8 23. Rae1) 20... Qxg3 21. hxg3 b6 22. a4 a5 23. Nd2 Rac8 24. Rfe1 f5 25. Nf1 Kg7 26. Ne3 Rfd8 27. Rac1 Kf6 28. b3 g5 29. Red1 (29. f4 $15) 29... f4 $17 30. Nf1 Kf5 31. gxf4 gxf4 32. Nd2 (32. g3 $142) 32... h5 33. Kf1 (33. g3 $17) 33... h4 $1 $19 34. Ke2 (34. Kg1 $142) 34... Rg8 $1 {[%cal Rg8g2]} 35. Rh1 $2 (35. Rg1) 35... Rxg2 36. Rxh4 {[#]} (36. Kf1 $142 f3 37. Re1) 36... e3 $2 (36... Nxd4+ $1 {[%mdl 512]} 37. Kf1 (37. cxd4 Rxc1) 37... f3) 37. Nf1 $2 (37. Rf1 $19 exd2 38. Rh5+ Ke4 39. Kxd2) 37... Rxf2+ 38. Ke1 {[#]} Ke4 (38... Nb4 $142 $1 {[%mdl 512]} 39. Nxe3+ (39. cxb4 Rxc1#) 39... fxe3 40. Kd1 Rg8 41. Rh5+ Kf6 42. Rh6+ Kf7 43. Rh7+ Ke8 44. Rh1 Rd2+ 45. Ke1 Nd3+ {[%mdl 64] Double Attack} 46. Kf1 Rf2#) 39. Rh5 Rg8 {Black mates.} 40. c4 {[#]} Rg1 $1 {[%csl Gf2][%cal Rg1f1]} 41. Rh1 Rxh1 {Accuracy: White = 41%, Black = 73%.} 0-1

[Event "Stay Safe Play From Home 140"]
[Site "T#645950Emanuel Laske"]
[Date "2020.05.11"]
[Round "8"]
[White "Lamborghini"]
[Black "MartinKestler"]
[Result "1-0"]
[WhiteElo "2247"]
[BlackElo "1937"]
[Annotator "TA"]
[PlyCount "109"]
[EventDate "2020.05.11"]
[EventType "swiss (blitz)"]

{[%evp 16,109,27,9,83,63,44,50,169,74,93,102,100,0,331,334,392,318,304,161,139,78,261,89,473,132,146,145,150,103,112,112,112,112,112,112,112,112,112,112,119,110,119,112,112,101,112,112,112,112,322,112,112,112,127,112,127,112,114,91,93,54,86,86,86,54,115,101,101,101,101,101,194,86,1905,1475,29956,29958,29960,29959,12798,8749,5662,0,5600,5535,6195,5522,4144,2062,29971,29966,29967,8,8,8]} 1. e4 e6 2. d4 d5 3. Nc3 Nf6 4. Bg5 dxe4 5. Nxe4 Be7 6. Bxf6 Bxf6 7. Nf3 O-O 8. Bd3 Nd7 9. Qe2 {[#]} g6 $146 {C13: French: Classical System: 4 Bg5 Be7, Alekhine-Chatard Attack.} (9... b6 $11) ({Predecessor:} 9... c5 10. O-O-O cxd4 11. h4 Be7 12. Neg5 Nf6 13. Ne5 Qc7 14. g4 Bd6 15. f4 b6 16. Rhf1 Bb7 17. Bc4 Bd5 18. Rxd4 Rac8 19. Bxd5 exd5 {½-½ (35) Sutovsky,E (2660)-Ivanchuk,V (2711) Moscow 2002}) 10. O-O-O b6 11. h4 h5 (11... Bb7 $14) 12. Nxf6+ (12. Rdg1 $1 $18) 12... Nxf6 $16 13. Ne5 Bb7 14. Rhg1 (14. f3 $16) 14... Qe7 $2 {[%mdl 8192] [#]} (14... Qxd4 $11 15. Bxg6 Qf4+ 16. Kb1 fxg6 17. Nxg6 Qg4 18. Qxg4 hxg4 19. Nxf8 Rxf8) 15. g4 $1 $18 {[%cal Rg4h5]} hxg4 16. Nxg4 Nxg4 17. Qxg4 (17. Rxg4 $142 Rac8 18. Rdg1) 17... Qf6 {[#] Threatening ...Bf3.} 18. h5 (18. f4 $142 $1) 18... Kg7 $2 (18... Bf3 $16 {keeps fighting.} 19. Qh3 Kg7) 19. hxg6 $2 (19. f4 $18 {has better winning chances.}) 19... fxg6 $2 {[%mdl 8192]} (19... Bf3 $16 20. Qg3 (20. Qh3 Rh8 $16) 20... Bxd1) 20. Qxg6+ $2 (20. Bxg6 $18 {and the rest is easy.} Qf4+ 21. Qxf4 Rxf4 22. Be4+ {[%mdl 64] Discovered Attack} Kf6 23. Bxb7) 20... Qxg6 $16 21. Rxg6+ Kf7 22. Rdg1 {Strongly threatening Rg7+.} Rg8 23. Rxg8 Rxg8 24. Rxg8 Kxg8 {[%mdl 4096] Endgame KB-KB} 25. Kd2 Kf7 26. Ke3 Kf6 27. Kf4 Bc6 28. c3 Bd5 29. a3 Bc6 30. c4 Bd7 31. b4 Bc6 32. Be2 Bb7 $2 (32... Ba4 $16 {was worth a try.} 33. b5 Bc2) 33. Bg4 $2 (33. b5 $18 {is more deadly.}) 33... Bc6 34. Bf3 Bd7 35. Be4 Be8 36. Ke3 Bd7 37. d5 exd5 38. Bxd5 Ke5 39. f4+ Kf6 40. Be4 Be6 ({Black should try} 40... c5 $1 $14) 41. c5 bxc5 42. bxc5 Bc4 43. Kd4 Bb5 (43... Be2 $16 44. a4 Bd1) 44. Kc3 (44. Kd5 $18) 44... Bd7 $2 {[%mdl 8192]} (44... a5 $16) 45. Kb4 $18 a6 46. Ka5 Bb5 47. a4 Be2 48. Kb4 Bf1 49. Ka5 Be2 50. Bb7 Kf5 51. Bxa6 Bf3 52. Bc8+ (52. Kb4 $142 Kf6 53. a5) 52... Kxf4 53. Kb5 Ke5 54. c6 $2 (54. Kb4 {mates} Ba8 55. a5 Be4 56. a6 Bd3 57. Bb7 Kf4 58. a7 Ke3 59. a8=Q) 54... Kd6 $11 55. Bb7 {[%mdl 32768] Accuracy: White = 50%, Black = 46%. . Loss on time!?} 1-0

[Event "Stay Safe Play From Home 140"]
[Site "T#645950Emanuel Laske"]
[Date "2020.05.11"]
[Round "8"]
[White "Little champs"]
[Black "SoulofWolf"]
[Result "1-0"]
[WhiteElo "2173"]
[BlackElo "2184"]
[Annotator "TA"]
[PlyCount "99"]
[EventDate "2020.05.11"]
[EventType "swiss (blitz)"]

{[%evp 9,99,0,36,33,48,42,36,39,59,46,81,19,77,83,85,30,67,27,29,16,25,0,48,41,54,51,74,81,204,182,202,120,133,137,124,129,203,52,376,370,358,215,219,196,261,258,256,229,223,229,226,234,349,337,496,356,332,333,300,243,238,189,479,403,477,483,1213,1193,1176,1148,1298,1247,2760,2682,29986,29987,29988,29989,29990,29986,29997,29987,29987,29988,29996,29997,29997,29998,29998,29999,29999,29997]} 1. d4 e6 2. e3 d5 3. Nf3 Nd7 4. Be2 Bd6 5. O-O Ne7 6. c4 {And now c5 would win. D02: 1 d4 d5 2 Nf3 sidelines, including 2...Nf6 3 g3 and 2...Nf6 3 Bf4.} c6 7. Nc3 {[#]} Ng6 $146 ({Predecessor:} 7... Nf6 8. b3 Ng6 9. Bb2 O-O 10. Qc2 Re8 11. Rfd1 Bd7 12. Rac1 Rc8 13. e4 Nxe4 14. Nxe4 dxe4 15. Qxe4 {1-0 (52) Helmbrecht,J (1432)-Tittarelli,A (1100) LSS email 2013}) 8. e4 {[%cal Rc4d5] White is slightly better.} dxe4 9. Nxe4 Be7 10. d5 (10. h4 $16) 10... O-O (10... exd5 $11 {remains equal.} 11. cxd5 cxd5 12. Qxd5 O-O) 11. d6 $16 Bf6 12. Qc2 (12. Bd3 $16) 12... b6 13. Rd1 c5 14. Rb1 Bb7 15. b3 Bxe4 16. Qxe4 Rc8 17. Be3 $36 {[%mdl 2048] White is pushing.} Bc3 18. h4 (18. Qc2 $5 {[%cal Rc2c3]} Bf6 19. g3 $16) 18... Nf6 (18... Nde5 $16 {is a better defense.}) 19. Qd3 Be5 20. h5 ({White should play} 20. g3 $18) 20... Nf4 21. Bxf4 $1 Bxf4 22. g3 Bh6 (22... e5 $16) 23. Kg2 $2 {[#]} (23. d7 $18 Ra8 24. Ne5) 23... Rc6 $2 {[%mdl 8192]} (23... Nd7 $14) 24. Ne5 $18 Rc8 {If Black can now play ...Nd7 this consolidates a bit.} 25. Bf3 Nd7 26. Nc6 {[%mdl 64] [#] Double Attack} Qe8 (26... Rxc6 $142 27. Bxc6 Bg5) 27. Ne7+ Kh8 28. Nxc8 Qxc8 29. Qe4 Rd8 30. Qc6 Qb8 (30... Qxc6 $142 31. Bxc6 g6 32. hxg6 hxg6) 31. Qc7 Nf6 (31... Bg5 {keeps fighting.} 32. Bc6 Ne5 33. Qxb8 Rxb8) 32. Qxb8 Rxb8 33. d7 Rd8 34. Bc6 g6 35. b4 Kg7 $2 (35... cxb4 {might work better.} 36. hxg6 hxg6 37. Rxb4 Bf8) 36. hxg6 hxg6 37. bxc5 Kf8 (37... bxc5 $142 38. Kf3 Kf8) 38. cxb6 axb6 39. Rxb6 Ke7 40. a4 g5 41. a5 e5 42. a6 {White mates.} e4 43. a7 g4 44. a8=Q e3 45. fxe3 Rxa8 46. Bxa8 {[%cal Rd7d8]} Kd8 47. Rb8+ Ke7 48. d8=Q+ Ke6 49. Rb6+ Kf5 50. Rf1+ {Accuracy: White = 60%, Black = 36%.} 1-0

[Event "Stay Safe Play From Home 140"]
[Site "T#645950Emanuel Laske"]
[Date "2020.05.11"]
[Round "8"]
[White "Haxhi Baha"]
[Black "Lazieri3"]
[Result "1-0"]
[WhiteElo "1965"]
[BlackElo "2085"]
[Annotator "TA"]
[PlyCount "67"]
[EventDate "2020.05.11"]
[EventType "swiss (blitz)"]

{[%evp 12,67,35,32,54,37,43,14,36,25,31,23,53,22,73,85,239,203,247,175,232,151,322,260,293,296,377,123,895,878,1096,917,1740,1672,1177,1035,1351,880,1088,710,1110,784,504,138,160,152,749,563,1011,1011,982,964,1432,1402,1112,608,552,437]} 1. e4 c6 2. Nc3 {[%cal Bb1c3,Bc3e4,Be4g5][%mdl 32]} d5 3. Nf3 dxe4 4. Nxe4 Nd7 5. Bc4 Ngf6 6. Neg5 e6 7. Qe2 Nb6 {B11: Caro-Kann: Two Knights Variation.} 8. Bb3 {[#] Ne5 is the strong threat.} Bd6 9. d3 {[#]} h6 $146 {The position is equal.} (9... a5 {is more complex.} 10. a4 Nbd5 11. O-O O-O 12. c3 Nf4) ({Predecessor:} 9... a5 10. a3 h6 11. Ne4 Nxe4 12. dxe4 e5 13. Be3 Nd7 14. O-O-O Qe7 15. Qc4 O-O {½-½ (56) Felczer,K (1587)-Bollmann,H (1704) Bad Bevensen 1994}) 10. Ne4 Nxe4 11. dxe4 O-O 12. Bd2 Qe7 (12... a5 $11 {keeps the balance.}) 13. e5 $16 Bb4 $2 (13... Bc7 $16) 14. c3 $18 Bc5 15. O-O-O a5 (15... f5 {is a better defense.}) 16. h4 a4 $2 (16... f5 $16) 17. Bc2 {Threatens to win with Qd3.} Nd5 18. g4 b6 19. g5 $2 $40 {[%mdl 128] White wants a kill.} (19. Qd3 $18 {[%csl Gc2][%cal Rd3h7]} g6 20. Bxh6) 19... Ba6 $2 {[%mdl 8192]} (19... h5 $16) 20. Qe4 {[%csl Gc2][%cal Re4h7]} f5 21. gxf6 Nxf6 22. exf6 Qxf6 23. Qh7+ Kf7 24. Rh3 Be2 25. Ng5+ hxg5 26. hxg5 Qe5 27. Qg6+ $2 (27. f4 $18 {and White stays clearly on top.} Qd6 28. Re1) 27... Ke7 $16 28. f4 $1 {[%cal Rf4e5]} Qd5 $2 (28... Rxf4 $16 29. Bxf4 Qxf4+ 30. Rd2 Rg8) 29. Re1 $18 {White is clearly winning.} Qxa2 {[#] If only Black now had time for ...a3....} 30. Rh7 $1 {[%mdl 512]} Rf7 31. Rxg7 Rxg7 32. Qxg7+ Kd6 33. Rxe2 {aiming for f5.} a3 34. Qe5+ {Accuracy: White = 39%, Black = 31%.} 1-0